| 000 | 00651nam a2200193 a 4500 | ||
|---|---|---|---|
| 001 | 000022580 | ||
| 005 | 20200930021702.0 | ||
| 008 | 101013s1993 sp 000 0 spa d | ||
| 040 |
_aDO-SdBNP _bspa _cBNPHU |
||
| 082 |
_axxx _bO74c |
||
| 100 | 1 |
_aOrozco, Román _d1945- _946474 |
|
| 245 | 1 | 0 |
_aCuba roja : _bcómo viven los cubanos con Fidel Castro / _cRomón Orozco ; prólogo Manuel Leguineche. |
| 250 | _a2a ed. | ||
| 260 |
_aMadrid : _bInformación y Revistas, _c1993. |
||
| 300 |
_a948 p. ; _c24 cm. |
||
| 500 | _aIncluye datos biográficos del autor en la solapa de la cubierta | ||
| 700 | 1 |
_aLeguineche, Manuel, _epról. _946475 |
|
| 049 | _aBNPD | ||
| 999 |
_c22077 _d22077 |
||